Natural Disasters (U.S.) - Statistics

General Stats
  • This quiz has been taken 246 times
  • The average score is 6 of 13
Answer Stats
U.S. Deaths 2003-2012 Disaster Type % Correct
1092 Hurricane / Tropical Storm
93%
1090 Tornado
93%
229 River Flood
85%
204 Winter Storm
62%
144 Avalanche
59%
1173 Extreme Heat
59%
350 Lightning
38%
268 Extreme Cold
36%
258 High Wind
32%
254 Thunderstorm Wind
26%
528 Flash Flood
15%
120 Coastal Storm
12%
458 Rip Current
11%
No matching quizzes found
Score Distribution
Percent of People with Each Score
Percentile by Number Answered
Your Score History
You have not taken this quiz